[Event "Tourn. n8343"]
[Site "www.chess-mail.com"]
[Date "2015.12.04"]
[Round "1"]
[White "Nimzo"]
[Black "Asoka"]
[WhiteElo "2760"]
[BlackElo "2660"]
[Result "1-0"]
[Round "1"]
1.d4 Ng8f6
2.c4 e6
3.Ng1f3 b6
4.g3 Bc8b7
5.Bf1g2 Bf8b4
6.Bc1d2 c5
7.Bd2xb4 cxb4
8.O-O O-O
9.Nb1d2 d6
10.Qd1b3 a5
11.a3 Nb8a6
12.Rf1d1 Rf8e8
13.Nf3e1 Bb7xg2
14.Ne1xg2 Qd8c7
15.Ng2e1 e5
16.Ne1c2 bxa3
17.bxa3 Ra8b8
18.Ra1b1 exd4
19.Nc2xd4 Na6c5
20.Qb3c2 Rb8d8
21.Qc2b2 Nc5a4
22.Qb2b3 Qc7d7
23.Nd2f1 Nf6e4
24.Rb1c1 h5
25.Qb3c2 h4
26.f3 Ne4g5
27.gxh4 Ng5h3
28.Kg2 Nh3f4
29.Kh1 Na4c5
30.e3 Nf4g6
31.Nd4f5 Ng6e5
32.e4 Qd7a4
33.Qc2g2 Nc5e6
34.Nf1e3 Qa4xa3
35.f4 Ne5d3
36.Ne3d5 Nd3xc1
37.Nf5xg7 Qa3a2
38.Nd5f6 Kh8
39.Qg2xa2 Nc1xa2
40.Ng7xe8 Na2c3
41.Rd1g1 Rd8xe8
42.Nf6xe8 Nc3xe4
43.f5 { resign }
1-0

[Event "Tourn. n8491"]
[Site "www.chess-mail.com"]
[Date "2015.12.04"]
[Round "1"]
[White "Goosebumps"]
[Black "Luban"]
[WhiteElo "2140"]
[BlackElo "2030"]
[Result "1-0"]
[Round "1"]
1.c4 e6
2.d4 d5
3.e3 Ng8f6
4.Ng1f3 c5
5.cxd5 exd5
6.Nb1c3 h6
7.dxc5 Bf8xc5
8.Bf1d3 a6
9.O-O Nb8c6
10.e4 d4
11.Nc3e2 Bc8g4
12.Ne2g3 Bg4xf3
13.Qd1xf3 Nc6e5
14.Qf3e2 Ne5xd3
15.Qe2xd3 O-O
16.Ng3f5 Rf8e8
17.Bc1xh6 Re8xe4
18.Bh6xg7 Re4e6
19.Qd3g3 { resign }
1-0

[Event "Tourn. n8325"]
[Site "www.chess-mail.com"]
[Date "2015.12.04"]
[Round "1"]
[White "Nimzo"]
[Black "Micheles"]
[WhiteElo "2770"]
[BlackElo "2530"]
[Result "1-0"]
[Round "1"]
1.Ng1f3 Ng8f6
2.c4 g6
3.g3 Bf8g7
4.Bf1g2 O-O
5.O-O d6
6.d4 Nb8d7
7.Nb1c3 e5
8.e4 exd4
9.Nf3xd4 Rf8e8
10.b3 a6
11.Bc1e3 Nd7e5
12.h3 Bc8d7
13.Ra1c1 c5
14.Nd4e2 Bd7c6
15.a4 Qd8c7
16.Qd1d2 Qc7b6
17.Rc1b1 Qb6c7
18.Rb1d1 Ra8d8
19.g4 Qc7b6
20.Qd2c2 Qb6c7
21.f4 Ne5d7
22.g5 Nf6h5
23.Bg2f3 Bg7xc3
24.Qc2xc3 Nh5g7
25.Qc3d3 f6
26.h4 f5
27.Ne2c3 fxe4
28.Nc3xe4 Re8e6
29.Ne4c3 Bc6xf3
30.Rf1xf3 Rd8e8
31.Nc3d5 Qc7d8
32.Be3f2 Ng7h5
33.Kf1 Qd8a5
34.Nd5e3 Nh5g7
35.Bf2e1 Qa5d8
36.Be1c3 Qd8b6
37.Bc3xg7 Kxg7
38.h5 Qb6c6
39.h6 Kg8
40.Ne3d5 { resign }
1-0

[Event "Tourn. n8395"]
[Site "www.chess-mail.com"]
[Date "2015.12.04"]
[Round "1"]
[White "Xkafi"]
[Black "Norlavuaram"]
[WhiteElo "2050"]
[BlackElo "2100"]
[Result "1-0"]
[Round "1"]
1.e4 e5
2.Bf1c4 Ng8f6
3.Qd1f3 Bf8e7
4.d3 O-O
5.Qf3g3 Nb8c6
6.c3 d6
7.h4 Bc8e6
8.Bc4xe6 fxe6
9.Ng1f3 Kh8
10.Nf3g5 Qd8d7
11.h5 h6
12.Ng5f3 d5
13.Nf3xe5 Nc6xe5
14.Qg3xe5 Be7d6
15.Qe5d4 e5
16.Qd4e3 Nf6g4
17.Qe3g3 Bd6c5
18.Bc1e3 Ng4xe3
19.fxe3 dxe4
20.d4 exd4
21.exd4 Bc5d6
22.Qg3e3 Qd7g4
23.Qe3e2 Bd6g3
24.Kd1 Qg4xe2
25.Kxe2 Rf8f2
26.Ke3 Rf2xb2
27.Kxe4 Ra8e8
28.Kf3 Bg3d6
29.Rh1d1 Re8e2
30.c4 c6
31.c5 Re2f2
32.Ke3 Rf2xg2
33.cxd6 Rb2e2
34.Kd3 Re2e8
35.Nb1c3 Re8d8
36.Nc3e4 Rg2h2
37.Rd1h1 Rh2b2
38.Kc3 Rb2e2
39.Kd3 Re2g2
40.Rh1g1 Rg2h2
41.Rg1h1 Rh2b2
42.Kc3 Rb2e2
43.Kd3 Re2g2
44.Kc4 Rg2c2
45.Kd3 Rc2g2
46.Rh1h4 Kg8
47.Rh4f4 Rg2h2
48.Rf4f5 Rh2h3
49.Ke2 Rh3h4
50.Kf3 Rd8d7
51.Ra1g1 Kh7
52.Rg1g4 Rh4h2
53.a4 Rh2a2
54.a5 Ra2a3
55.Kf4 Ra3a1
56.Rg4g6 Ra1f1
57.Ke5 Rf1e1
58.Rf5f4 Re1a1
59.Ke6 Rd7d8
60.Rf4f7 Rd8e8
61.Rf7e7 Re8g8
62.d7 { resign }
1-0

[Event "Tourn. n8436"]
[Site "www.chess-mail.com"]
[Date "2015.12.04"]
[Round "1"]
[White "Jpjohnston"]
[Black "Luban"]
[WhiteElo "2050"]
[BlackElo "2160"]
[Result "1-0"]
[Round "1"]
1.d4 d5
2.Bc1f4 e6
3.a3 c5
4.Ng1f3 Nb8c6
5.e3 a6
6.Nb1c3 h6
7.h3 Ng8f6
8.Nf3e5 Bc8d7
9.Bf1e2 b5
10.O-O Bf8e7
11.Be2f3 b4
12.axb4 cxd4
13.Ne5xc6 Bd7xc6
14.Qd1xd4 O-O
15.Ra1a5 Be7d6
16.Bf4xd6 Qd8xd6
17.Rf1a1 Bc6b7
18.b5 e5
19.Qd4d2 axb5
20.Nc3xb5 Qd6b6
21.Ra5xa8 Rf8xa8
22.Ra1xa8 Bb7xa8
23.Bf3e2 Ba8c6
24.Qd2b4 Nf6e8
25.c3 Bc6xb5
26.Qb4xb5 Qb6xb5
27.Be2xb5 Ne8c7
28.Bb5c6 Kf8
29.b4 Ke7
30.Kf1 Kd6
31.Bc6a4 f6
32.Ke2 Nc7e6
33.Kd3 Kc7
34.c4 Kd6
35.c5 Kc7
36.c6 Ne6d8
37.b5 Nd8e6
38.Kc3 Ne6c5
39.Kb4 Nc5e4
40.Ka5 Ne4c5
41.b6 Kc8
42.Ba4b5 d4
43.Bb5a6 Nc5xa6
44.Kxa6 d3
45.Ka7 { resign }
1-0

[Event "Match"]
[Site "www.echecsemail.com"]
[Date "2015.12.04"]
[Round "1"]
[White "Kevinking"]
[Black "Tomcapp"]
[WhiteElo "1530"]
[BlackElo "1640"]
[Result "1-0"]
[Round "1"]
1.e4 e5
2.Ng1f3 Nb8c6
3.Bf1c4 Bf8c5
4.c3 Ng8f6
5.d3 d6
6.h3 O-O
7.O-O a6
8.Nb1d2 b5
9.Bc4b3 a5
10.a4 b4
11.Rf1e1 bxc3
12.bxc3 Ra8b8
13.Bb3c4 Bc8b7
14.Bc4b5 Qd8d7
15.Nd2c4 h6
16.Nc4xa5 Nc6xa5
17.Bb5xd7 Nf6xd7
18.Nf3h4 Nd7f6
19.Nh4f5 d5
20.Bc1d2 dxe4
21.dxe4 Na5b3
22.Qd1xb3 Bb7xe4
23.Qb3c4 Be4xf5
24.Qc4xc5 Nf6e4
25.Re1xe4 Bf5xe4
26.Qc5xe5 Be4g6
27.Qe5xc7 Rb8d8
28.Bd2e3 Rd8c8
29.Qc7a5 Rf8e8
30.Qa5b5 Kh7
31.c4 f5
32.g3 h5
33.a5 f4
34.gxf4 Rc8b8
35.Qb5g5 Re8e6
36.f5 Bg6xf5
37.Qg5xf5 { resign }
1-0

[Event "Match"]
[Site "www.echecsemail.com"]
[Date "2015.12.04"]
[Round "1"]
[White "Carlosto"]
[Black "Daviko"]
[WhiteElo "1490"]
[BlackElo "1590"]
[Result "1-0"]
[Round "1"]
1.d4 d5
2.c3 e6
3.e3 Nb8c6
4.Qd1a4 Qd8g5
5.Ng1f3 Qg5f5
6.Bf1b5 Bc8d7
7.Nf3e5 O-O-O
8.Bb5xc6 bxc6
9.Ne5xc6 Ng8f6
10.Nb1a3 Nf6g4
11.O-O e5
12.c4 exd4
13.exd4 Rd8e8
14.Qa4b5 Qf5xf2
15.Rf1xf2 Re8e1
16.Rf2f1 { resign }
1-0

[Event "Match"]
[Site "www.echecsemail.com"]
[Date "2015.12.04"]
[Round "1"]
[White "Manolinex"]
[Black "Jacks"]
[WhiteElo "2890"]
[BlackElo "2820"]
[Result "1/2-1/2"]
[Round "1"]
1.e4 e5
2.Ng1f3 Nb8c6
3.Bf1b5 Ng8f6
4.O-O Nf6xe4
5.d4 Ne4d6
6.Bb5xc6 dxc6
7.dxe5 Nd6f5
8.Qd1xd8 Kxd8
9.h3 Ke8
10.Nb1c3 h5
11.Bc1g5 Bc8e6
12.Rf1d1 Bf8e7
13.b3 h4
14.Rd1d3 Ra8d8
15.Rd3xd8 Be7xd8
16.Ra1d1 Bd8xg5
17.Nf3xg5 Be6c8
18.Nc3e2 f6
19.exf6 gxf6
20.Ng5e4 Kf7
21.c4 Nf5g7
22.Ne2f4 b6
23.Ne4c3 Rh8e8
24.g4 a6
25.Nc3e2 Ng7e6
26.Nf4xe6 { draw }
1/2-1/2

[Event "Match"]
[Site "www.echecsemail.com"]
[Date "2015.12.04"]
[Round "1"]
[White "Gilliere"]
[Black "Jhw"]
[WhiteElo "1850"]
[BlackElo "1950"]
[Result "0-1"]
[Round "1"]
1.e4 c5
2.Ng1f3 e6
3.d4 d5
4.e5 cxd4
5.Nf3xd4 Bf8c5
6.Bf1b5 Bc8d7
7.Bb5xd7 Nb8xd7
8.Bc1f4 h5
9.Nb1c3 g5
10.Bf4e3 Qd8a5
11.O-O Qa5b4
12.Nd4b3 Bc5xe3
13.fxe3 Nd7xe5
14.a3 Qb4b6
15.Qd1d4 Qb6xd4
16.exd4 Ne5g4
17.Rf1e1 Ng8f6
18.h3 Ng4h6
19.Re1e5 g4
20.hxg4 hxg4
21.g3 Nh6f5
22.Kg2 Nf6h5
23.Nb3c5 Nh5xg3
24.Nc5xb7 Ra8b8
25.Nb7d6 Nf5xd6
26.Kxg3 Rb8xb2
27.Kxg4 Rb2xc2
28.Nc3a2 Nd6c4
29.Na2b4 Rc2d2
30.Re5e1 Rd2xd4
31.Kg3 Rh8g8
32.Kf2 a5
33.Nb4c6 Rd4d2
34.Kf3 a4
35.Nc6e5 Nc4xe5
36.Re1xe5 Ke7
37.Ra1b1 Rd2d3
38.Ke2 Rd3xa3
39.Rb1b7 Kf6
40.Re5e3 Ra3xe3
41.Kxe3 Ke5
42.Rb7a7 Rg8g4
43.Kf3 f5
44.Ke3 Rg4e4
45.Kd2 Re4d4
46.Kc2 f4
{ resign }
0-1

[Event "Match"]
[Site "www.echecsemail.com"]
[Date "2015.12.04"]
[Round "1"]
[White "Ssharp"]
[Black "Genius7"]
[WhiteElo "2250"]
[BlackElo "1730"]
[Result "1/2-1/2"]
[Round "1"]
1.e4 c5
2.Ng1f3 a6
3.Nb1c3 d6
4.Bf1e2 g6
5.d3 Bf8g7
6.Bc1d2 Nb8c6
7.O-O e5
8.Nc3d5 Ng8e7
9.Nd5xe7 Nc6xe7
10.h3 O-O
11.c4 f5
12.Bd2c3 b5
13.b3 Bc8d7
14.Ra1b1 Qd8c7
15.Qd1d2 b4
16.Bc3b2 a5
17.Be2d1 f4
18.Nf3h2 a4
19.Rb1a1 axb3
20.axb3 Ra8xa1
21.Bb2xa1 Rf8a8
22.Ba1b2 Ra8a2
23.Qd2c1 g5
24.Qc1b1 Qc7a7
25.g4 h6
{ draw }
1/2-1/2

[Event "Match"]
[Site "www.echecsemail.com"]
[Date "2015.12.04"]
[Round "1"]
[White "Yangqi"]
[Black "Goosebumps"]
[WhiteElo "2590"]
[BlackElo "2140"]
[Result "1-0"]
[Round "1"]
1.d4 Ng8f6
2.Bc1g5 c6
3.Bg5xf6 exf6
4.c4 d5
5.e3 Bc8e6
6.Qd1b3 Qd8c7
7.Nb1c3 dxc4
8.Bf1xc4 Be6xc4
9.Qb3xc4 Bf8d6
10.Ng1f3 O-O
11.O-O Nb8d7
12.Ra1c1 Rf8e8
13.Rf1d1 Nd7b6
14.Qc4b3 Ra8d8
15.d5 Rd8c8
16.Nc3b5 Qc7b8
17.dxc6 Rc8xc6
18.Rc1xc6 Bd6xh2
19.Nf3xh2 bxc6
20.Nb5c3 Qb8c7
21.Nh2f3 Re8b8
22.Qb3c2 Qc7e7
23.Nf3d4 Rb8c8
24.Nc3e4 c5
25.Nd4f5 Qe7e5
26.Qc2xc5 Qe5xc5
27.Ne4xc5 Kf8
28.Nc5d7 { resign }
1-0

[Event "Match"]
[Site "www.echecsemail.com"]
[Date "2015.12.04"]
[Round "1"]
[White "Genius7"]
[Black "Guidom"]
[WhiteElo "1840"]
[BlackElo "2020"]
[Result "1/2-1/2"]
[Round "1"]
1.c4 e5
2.Nb1c3 Ng8f6
3.Ng1f3 Nb8c6
4.d4 e4
5.Nf3e5 Bf8b4
6.Bc1g5 d6
7.Ne5xc6 bxc6
8.e3 O-O
9.Bf1e2 d5
10.O-O Bb4xc3
11.bxc3 h6
12.Bg5h4 Bc8a6
13.cxd5 Ba6xe2
14.Qd1xe2 cxd5
15.Bh4xf6 Qd8xf6
16.c4 c6
17.c5 Rf8b8
18.Ra1b1 Qf6d8
19.g3 { draw }
1/2-1/2

[Event "Match"]
[Site "www.echecsemail.com"]
[Date "2015.12.04"]
[Round "1"]
[White "Carazo"]
[Black "Whitekknight"]
[WhiteElo "1860"]
[BlackElo "1910"]
[Result "0-1"]
[Round "1"]
1.e4 e5
2.Ng1f3 d6
3.Bf1c4 h6
4.d4 exd4
5.Nf3xd4 Ng8f6
6.Nb1c3 Bc8d7
7.O-O Bf8e7
8.Nc3e2 Nb8c6
9.c3 O-O
10.Ne2g3 Nc6e5
11.Bc4e2 Kh7
12.Be2d3 Ne5xd3
13.Qd1xd3 Qd8e8
14.e5 Kg8
15.exf6 Be7xf6
16.Bc1e3 Qe8e5
17.Ra1e1 Bf6g5
18.Nd4f3 Qe5f6
19.Ng3h5 Qf6g6
20.Qd3xg6 fxg6
21.Nh5g3 Bg5xe3
22.Re1xe3 Rf8e8
23.Nf3d4 Re8xe3
24.fxe3 Ra8e8
25.Kf2 c5
26.Nd4f3 b5
27.Kg1 Re8xe3
28.Nf3h4 Kh7
29.Rf1f7 Bd7e6
30.Rf7e7 Re3e5
31.Re7xa7 Be6c4
32.Kf2 Bc4d3
33.Ra7d7 Re5e6
34.b4 g5
35.Nh4f3 cxb4
36.cxb4 g4
37.Nf3d4 Re6f6
38.Ke3 Bd3c4
39.Nd4f5 Bc4e6
40.Rd7xg7 Kh8
41.Rg7xg4 Be6xf5
42.Rg4f4 Rf6e6
43.Ng3e4 Bf5h7
44.Kf3 Kg7
45.Ne4c3 Bh7d3
46.Rf4g4 Kh7
47.Nc3d1 Bd3e2
48.Kg3 Be2xd1
49.Rg4d4 Bd1e2
50.Rd4d5 Be2c4
51.Rd5f5 Re6e5
52.Rf5f6 Re5e6
53.Rf6f7 Kg8
54.Rf7d7 d5
55.Kf4 Bc4xa2
56.Rd7d8 Kf7
57.Kf5 Re6f6
58.Ke5 Rf6f2
59.Rd8d7 Kg6
60.Rd7d6 Kg5
61.h4 Kxh4
62.Rd6xh6 Kg5
63.Rh6b6 Ba2c4
64.Rb6b8 Kh4
65.Rb8h8 Kg3
66.Rh8g8 Kh2
67.g4 Rf2e2
68.Kf4 d4
69.Kf3 d3
70.Rg8h8 Kg1
71.Rh8d8 d2
72.g5 Kf1
73.g6 Ke1
74.g7 d1Q
75.g8Q Re2f2
76.Kg3 Qd1f3
77.Kh4 Qf3h1
78.Kg3 Qh1g1
{ resign }
0-1

[Event "Match"]
[Site "www.echecsemail.com"]
[Date "2015.12.04"]
[Round "1"]
[White "Marandlen"]
[Black "Acucar1"]
[WhiteElo "1630"]
[BlackElo "1560"]
[Result "0-1"]
[Round "1"]
1.e4 e5
2.Ng1f3 Nb8c6
3.Nb1c3 Ng8f6
4.Bf1e2 Bf8b4
5.d3 d5
6.exd5 Nf6xd5
7.Bc1d2 O-O
8.Nc3xd5 Bb4xd2
9.Qd1xd2 Qd8xd5
10.O-O f6
11.Rf1e1 Rf8d8
12.b3 e4
13.d4 Qd5f5
14.Be2c4 Kf8
15.Nf3h4 Qf5g5
16.Qd2xg5 fxg5
17.Re1xe4 gxh4
18.Re4xh4 Nc6xd4
19.Rh4f4 Nd4f5
20.g4 Rd8d4
21.Rf4xf5 Bc8xf5
22.gxf5 Ra8e8
23.Bc4d3 Kf7
24.Kg2 Kf6
25.Kg3 c6
26.h4 b5
27.Ra1h1 a6
 { time }
0-1

[Event "Match"]
[Site "www.echecsemail.com"]
[Date "2015.12.04"]
[Round "1"]
[White "Delacey"]
[Black "Wwgia"]
[WhiteElo "1950"]
[BlackElo "2230"]
[Result "1-0"]
[Round "1"]
1.e4 c5
2.Ng1f3 Nb8c6
3.c3 g6
4.Bf1c4 Bf8g7
5.Nf3g5 e6
6.d3 h6
7.Ng5f3 Ng8e7
8.d4 cxd4
9.cxd4 O-O
10.Bc1e3 d5
11.exd5 exd5
12.Bc4e2 Ne7f5
13.O-O Qd8b6
14.Qd1d2 Nc6xd4
15.Nf3xd4 Bg7xd4
16.Be3xd4 Nf5xd4
17.Be2d1 Kh7
18.Nb1c3 Bc8e6
19.Nc3a4 { resign }
1-0

[Event "Match"]
[Site "www.echecsemail.com"]
[Date "2015.12.04"]
[Round "1"]
[White "Azorau"]
[Black "Pellix84"]
[WhiteElo "1910"]
[BlackElo "1960"]
[Result "0-1"]
[Round "1"]
1.e4 c5
2.Ng1f3 Nb8c6
3.Bf1c4 e6
4.d3 h6
5.Nb1c3 a6
6.Bc1f4 b5
7.Bc4b3 Bc8b7
8.Qd1d2 Ra8c8
9.O-O-O Nc6a5
10.Nf3e5 Ng8f6
11.h4 d6
12.Ne5f3 Bf8e7
13.Rh1e1 Na5xb3
14.axb3 Nf6d7
15.g3 O-O
16.Nf3h2 Qd8a5
17.Nh2g4 Nd7f6
18.Ng4xh6 Kh8
19.Nc3b1 Qa5xd2
20.Nb1xd2 gxh6
21.Bf4xh6 Rf8g8
22.Nd2f3 Nf6g4
23.Bh6g5 Ng4xf2
24.Rd1d2 Be7xg5
25.hxg5 Nf2g4
26.Re1h1 Kg7
27.Rh1h4 Ng4e3
28.Rd2e2 Ne3f1
29.Re2f2 Nf1xg3
30.Rh4h3 Ng3xe4
31.dxe4 Bb7xe4
32.Nf3d2 Be4f5
33.Rh3f3 Kf8
34.Rf3g3 c4
35.bxc4 bxc4
36.Rf2f4 d5
37.c3 a5
38.Nd2f3 a4
39.Nf3d4 a3
40.bxa3 Rc8a8
41.Kb2 Ra8b8
42.Ka2 Bf5b1
43.Ka1 Bb1d3
44.Rg3g1 Rb8b6
45.Rg1e1 Ke7
46.Rf4g4 Rg8h8
47.Rg4g2 Rh8h3
48.g6 fxg6
49.a4 Bd3e4
50.Rg2b2 Rb6xb2
51.Kxb2 Rh3h2
52.Ka3 g5
53.a5 g4
54.a6 g3
55.a7 Rh2h8
56.Nd4c6 Kd7
57.Nc6b8 Kc7
58.Nb8a6 Kb7
59.Na6c5 Kxa7
60.Nc5xe6 g2
61.Ne6f4 Rh8h1
62.Nf4xg2 Be4xg2
63.Re1e2 Rh1a1
64.Kb4 Bg2e4
65.Re2h2 Ra1b1
66.Kc5 Kb7
67.Rh2f2 Rb1c1
68.Rf2f7 Ka6
69.Rf7d7 Rc1xc3
70.Rd7d8 Rc3b3
71.Kc6 Rb3b6
72.Kc5 c3
73.Rd8a8 Kb7
74.Ra8a1 c2
75.Ra1c1 Rb6c6
76.Kb5 d4
77.Rc1g1 d3
78.Rg1g7 Kc8
79.Rg7g8 Kd7
80.Rg8g7 Ke8
81.Rg7g8 Kf7
{ resign }
0-1

[Event "1/128 Finale"]
[Site "www.chess-mail.com"]
[Date "2015.12.04"]
[Round "1"]
[White "Lino"]
[Black "Raven16"]
[WhiteElo "2039"]
[BlackElo "1499"]
[Result "1-0"]
[Round "1"]
1.e4 e5
2.Ng1f3 Nb8c6
3.Bf1b5 a6
4.Bb5a4 Ng8f6
5.O-O Bf8e7
6.Rf1e1 b5
7.Ba4b3 O-O
8.c3 d5
9.exd5 Nf6xd5
10.Nf3xe5 Nc6xe5
11.Re1xe5 c6
12.d3 Be7d6
13.Re5e1 Qd8h4
14.g3 Qh4h3
15.Re1e4 Bc8d7
16.Nb1d2 Ra8e8
17.a4 b4
18.Re4h4 Qh3f5
19.Nd2c4 Bd6e7
20.Rh4h5 Qf5e6
21.Nc4b6 Qe6g4
22.Nb6xd5 cxd5
23.Rh5xd5 Qg4xd1
24.Bb3xd1 Bd7c6
25.Rd5e5 bxc3
26.bxc3 Be7f6
27.Re5xe8 Rf8xe8
28.Bc1d2 Re8b8
29.a5 Rb8b2
30.Bd2c1 Rb2b8
31.d4 Rb8e8
32.Bc1e3 Bc6b5
33.Bd1f3 Re8c8
34.Ra1c1 Bf6d8
35.Bf3g4 Rc8c4
36.Bg4e2 Rc4a4
37.c4 Bb5d7
38.c5 Ra4xa5
39.c6 Bd7h3
40.c7 { resign }
1-0

[Event "1/32 Finale"]
[Site "www.chess-mail.com"]
[Date "2015.12.04"]
[Round "1"]
[White "Easychess"]
[Black "Emiondi"]
[WhiteElo "1540"]
[BlackElo "2199"]
[Result "1/2-1/2"]
[Round "1"]
1.d4 Ng8f6
2.c4 g6
3.b3 Bf8g7
4.Bc1b2 O-O
5.Ng1f3 d5
6.e3 c6
7.cxd5 cxd5
8.Bf1e2 Nb8d7
9.O-O a6
10.Nb1d2 Rf8e8
11.b4 b5
12.Nd2b3 Nf6e4
13.a4 bxa4
14.Ra1xa4 e5
15.dxe5 Nd7xe5
16.Nf3xe5 Bg7xe5
17.Bb2xe5 Re8xe5
18.Qd1d4 Re5e6
19.b5 Bc8b7
20.bxa6 Bb7xa6
21.Rf1a1 Ba6b7
22.Ra4xa8 Bb7xa8
23.Nb3c5 { draw }
1/2-1/2

[Event "Eq:Clubul Central de Sah-Slap Shot Mates : "]
[Site "www.chess-mail.com"]
[Date "2015.12.04"]
[Round "1"]
[White "Echo314"]
[Black "Rocadamica"]
[WhiteElo "2750"]
[BlackElo "2690"]
[Result "1-0"]
[Round "1"]
1.e4 c5
2.Ng1f3 d6
3.d4 cxd4
4.Nf3xd4 Ng8f6
5.Nb1c3 a6
6.h3 e6
7.g4 Nf6d7
8.Bc1e3 b5
9.a3 Bc8b7
10.Qd1d2 Bf8e7
11.g5 Nb8c6
12.h4 Qd8a5
13.Nd4b3 Qa5c7
14.O-O-O O-O
15.h5 Nd7c5
16.h6 g6
17.Kb1 Rf8d8
18.f4 b4
19.axb4 Nc5xb3
20.cxb3 d5
21.exd5 exd5
22.Be3c5 d4
23.Bf1g2 Nc6xb4
24.Bc5xd4  { time }
1-0

[Event "Eq:Los Tercios-Clubul Central de Sah : "]
[Site "www.chess-mail.com"]
[Date "2015.12.04"]
[Round "1"]
[White "Churrasca"]
[Black "Rocadamica"]
[WhiteElo "2180"]
[BlackElo "2690"]
[Result "1-0"]
[Round "1"]
1.e4 c5
2.Ng1f3 d6
3.d4 cxd4
4.Nf3xd4 Ng8f6
5.Nb1c3 a6
6.Bf1e2 e5
7.Nd4f5 d5
8.Nf5g3 d4
9.Nc3b1 g6
10.O-O h5
11.Bc1g5 h4
12.Bg5xf6 Qd8xf6
13.Ng3h1 h3
14.g3 Qf6b6
15.Nb1d2 Nb8c6
16.a3 Bf8h6
17.Nd2c4 Qb6c7
18.b3 Bc8e6
19.Nc4b2 Ra8c8
20.Nb2d3 Nc6a7
21.Ra1c1 Bh6xc1
22.Qd1xc1 Qc7xc2
23.Qc1xc2 Rc8xc2
24.Rf1e1 Na7c6
25.b4 Be6c4
26.f3 Rc2xe2
27.Re1xe2 Bc4xd3
28.Re2d2 Bd3b5
29.Nh1f2 Ke7
30.Nf2d3 Bb5xd3
31.Rd2xd3 Rh8c8
32.Rd3b3 Nc6d8
33.Rb3b2 Rc8c1
34.Kf2  { time }
1-0

[Event "Eq:Clubul Central de Sah-Slap Shot Mates : "]
[Site "www.chess-mail.com"]
[Date "2015.12.04"]
[Round "1"]
[White "Rocadamica"]
[Black "Mustaphly"]
[WhiteElo "2690"]
[BlackElo "2740"]
[Result "0-1"]
[Round "1"]
1.e4 c5
2.Ng1f3 d6
3.d4 cxd4
4.Nf3xd4 Ng8f6
5.Nb1c3 a6
6.Bc1e3 e6
7.Bf1e2 Qd8c7
8.Qd1d2 b5
9.a3 Bc8b7
10.f3 Nb8c6
11.g4 Nc6e5
12.O-O-O Nf6d7
13.Kb1 Nd7b6
14.b3 d5
15.Rh1e1 Bf8e7
 { time }
0-1

[Event "Eq:Clubul Central de Sah-Slap Shot Mates : "]
[Site "www.chess-mail.com"]
[Date "2015.12.04"]
[Round "1"]
[White "Mustaphly"]
[Black "Rocadamica"]
[WhiteElo "2740"]
[BlackElo "2690"]
[Result "1-0"]
[Round "1"]
1.d4 d5
2.Ng1f3 Ng8f6
3.c4 c6
4.Nb1c3 dxc4
5.a4 Bc8g4
6.Nf3e5 e6
7.Ne5xg4 Nf6xg4
8.e4 Ng4f6
9.Bf1xc4 Bf8e7
10.e5 Nf6d5
11.Qd1g4 g6
12.Bc1h6 Be7f8
13.Bh6e3 h5
14.Qg4f3 Nb8a6
15.O-O Na6b4
16.Ra1c1 Bf8e7
17.Nc3e4 Qd8b6
18.h3 Ra8d8
19.Rf1d1  { time }
1-0

[Event "Eq:Angolana Scacchi-Clubul Central de Sah : "]
[Site "www.chess-mail.com"]
[Date "2015.12.04"]
[Round "1"]
[White "Pariolinius"]
[Black "Rocadamica"]
[WhiteElo "1930"]
[BlackElo "2690"]
[Result "1-0"]
[Round "1"]
1.d4 Ng8f6
2.c4 g6
3.Nb1c3 d5
4.c5 b6
5.Ng1f3 Bf8g7
6.Bc1f4 bxc5
7.e3 Nf6h5
8.Bf4e5 f6
9.Be5g3 cxd4
10.Nf3xd4 O-O
11.Bf1e2 Nh5xg3
12.hxg3 e5
13.Nd4b3 Bc8e6
14.Nb3c5 Be6f7
15.O-O c6
16.Qd1c2 Nb8d7
17.Nc3a4 Nd7b6
18.Rf1d1 f5
19.Nc5b7 Qd8c7
20.Na4c5 a5
21.Ra1c1 Ra8a7
22.Qc2c3 e4
23.Qc3c2 Rf8c8
24.b3 Ra7xb7
25.Be2a6 Rb7b8
26.Ba6xc8 Rb8xc8
27.a3 Nb6d7
28.Nc5a6 Qc7d6
29.Na6c5  { time }
1-0

[Event "Eq:Los Tercios-Clubul Central de Sah : "]
[Site "www.chess-mail.com"]
[Date "2015.12.04"]
[Round "1"]
[White "Pispindroi"]
[Black "Azorau"]
[WhiteElo "2620"]
[BlackElo "1850"]
[Result "0-1"]
[Round "1"]
1.c4 e5
2.Nb1c3 Bf8c5
3.e3 Ng8f6
4.Ng1f3 e4
5.Nf3g5 O-O
6.Ng5xe4 Bc5d6
7.Ne4xd6 cxd6
8.b3 Rf8e8
9.Bc1b2 Nb8c6
10.Bf1e2 a6
11.O-O Nc6e5
12.f4 Ne5g6
13.Be2f3 Ra8b8
14.Nc3d5 Nf6xd5
15.Bf3xd5 b5
16.Qd1h5 bxc4
 { time }
0-1

[Event "Eq:Equipo Juan Diaz-Clubul Central de Sah : "]
[Site "www.chess-mail.com"]
[Date "2015.12.04"]
[Round "1"]
[White "Yomismista"]
[Black "Rocadamica"]
[WhiteElo "2520"]
[BlackElo "2730"]
[Result "1-0"]
[Round "1"]
1.d4 d5
2.c4 c6
3.Nb1c3 Ng8f6
4.Ng1f3 e6
5.cxd5 exd5
6.Bc1g5 Bf8e7
7.e3 Bc8f5
8.Bf1d3 Bf5xd3
9.Qd1xd3 Nb8d7
10.O-O O-O
11.Ra1b1  { time }
1-0

[Event "Tourn. n8494"]
[Site "www.chess-mail.com"]
[Date "2015.12.05"]
[Round "1"]
[White "Yangqi"]
[Black "Faerieking"]
[WhiteElo "2600"]
[BlackElo "2270"]
[Result "1-0"]
[Round "1"]
1.c4 Ng8f6
2.g3 c6
3.Bf1g2 d5
4.Ng1f3 Bc8g4
5.Nf3e5 Bg4h5
6.cxd5 cxd5
7.Nb1c3 e6
8.g4 Bh5g6
9.Qd1a4 Nb8d7
10.h4 h6
11.Ne5xg6 fxg6
12.g5 hxg5
13.hxg5 Rh8xh1
14.Bg2xh1 Nf6g8
15.d4 Qd8b6
16.a3 Ng8e7
17.e4 dxe4
18.Bh1xe4 Ne7f5
19.Bc1d2 O-O-O
20.Ra1c1 Kb8
21.Nc3b5 a6
22.Bd2a5 axb5
23.Ba5xb6 bxa4
24.Bb6xd8 Bf8d6
25.Rc1c4 b5
26.Rc4c6 { resign }
1-0

[Event "Tourn. n8444"]
[Site "www.chess-mail.com"]
[Date "2015.12.05"]
[Round "1"]
[White "Jose"]
[Black "Asoka"]
[WhiteElo "2690"]
[BlackElo "2650"]
[Result "1/2-1/2"]
[Round "1"]
1.d4 d5
2.Bc1f4 Bc8f5
3.e3 e6
4.Ng1f3 Nb8c6
5.Bf1d3 Bf5xd3
6.Qd1xd3 Bf8d6
7.Bf4g3 Ng8f6
8.O-O Bd6xg3
9.hxg3 O-O
10.c4 Nc6e7
11.Nb1d2 Nf6g4
12.cxd5 exd5
13.e4 Qd8c8
14.Rf1e1 dxe4
15.Nd2xe4 Ne7d5
16.Re1e2 c6
17.Qd3b3 Qc8c7
18.Nf3e5 Ng4f6
19.Ne4c5 Ra8b8
20.Ra1e1 Rf8e8
21.Qb3a4 a5
22.a3 Re8e7
23.Qa4d1 Rb8e8
24.Qd1d2 h6
25.Qd2c2 Qc7c8
26.Kh1 Nd5c7
27.a4 Nf6d5
28.Nc5e4 Qc8f5
29.g4 Qf5h7
30.Ne5c4 Re7e6
31.f3 Nd5f4
{ draw }
1/2-1/2

[Event "Tourn. n8398"]
[Site "www.chess-mail.com"]
[Date "2015.12.05"]
[Round "1"]
[White "Xkafi"]
[Black "Norlavuaram"]
[WhiteElo "2030"]
[BlackElo "2100"]
[Result "1-0"]
[Round "1"]
1.e4 e5
2.Bf1c4 Ng8f6
3.d3 Bf8e7
4.Ng1f3 d6
5.c3 O-O
6.h3 c6
7.g4 b5
8.Bc4b3 Nb8d7
9.g5 Nf6e8
10.d4 Qd8c7
11.Rh1g1 g6
12.h4 c5
13.h5 c4
14.Bb3c2 Ra8b8
15.a3 a5
16.b4 axb4
17.axb4 Bc8b7
18.d5 Rb8a8
19.Ra1xa8 Bb7xa8
20.Nb1a3 Qc7b8
21.Bc1e3 Ne8c7
22.Nf3h2 Qb8d8
23.hxg6 fxg6
24.Qd1g4 Rf8f7
25.Nh2f3 Nd7f8
26.Be3b6 Rf7f4
27.Qg4h3 Ba8b7
28.Na3xb5 Bb7c8
29.Qh3h6 Rf4xf3
30.Nb5xc7 Qd8d7
31.Bc2d1 Rf3h3
32.Bd1g4 Qd7xg4
33.Rg1xg4 Rh3xh6
34.Rg4g3 Rh6h1
35.Kd2 Rh1h3
36.Rg3g1 Rh3h5
37.Bb6e3 Rh5h4
38.f3 Be7d8
39.Nc7b5 Bd8e7
40.Nb5a3 Rh4h2
41.Kd1 Rh2a2
42.Na3xc4 Ra2a1
43.Kc2 Ra1xg1
44.Be3xg1 Be7xg5
45.Nc4xd6 Bc8d7
46.Bg1h2 Bg5f6
47.c4 Bd7a4
48.Kc3 Nf8d7
49.c5 Nd7b8
50.b5 Nb8d7
51.c6 Nd7b6
52.c7 Kf8
53.Kb4 Ba4d1
54.c8Q Nb6xc8
55.Nd6xc8 Bd1xf3
56.Nc8d6 Bf6e7
57.Kc5 Bf3xe4
58.Bh2xe5 Be7xd6
59.Kxd6 Ke8
60.b6 Kd8
61.b7 { resign }
1-0

[Event "Tourn. n8443"]
[Site "www.chess-mail.com"]
[Date "2015.12.05"]
[Round "1"]
[White "Naujzaid"]
[Black "Gatrooper"]
[WhiteElo "1900"]
[BlackElo "1630"]
[Result "1-0"]
[Round "1"]
1.d4 d5
2.c4 dxc4
3.Ng1f3 e6
4.e3 Nb8c6
5.Bf1xc4 a6
6.a4 h6
7.O-O Ng8f6
8.Nb1c3 Bf8d6
9.e4 Bd6e7
10.e5 Nf6h7
11.Bc1e3 Be7b4
12.Bc4d3 Bb4xc3
13.bxc3 Bc8d7
14.Bd3xh7 Rh8xh7
15.Qd1b1 b6
16.Qb1xh7 Qd8e7
17.Qh7h8 Qe7f8
18.Qh8xf8 Kxf8
19.Nf3d2 f5
20.f4 a5
21.h3 Bd7e8
22.g4 fxg4
23.hxg4 Be8g6
24.f5 exf5
25.gxf5 Bg6h7
26.f6 gxf6
27.Rf1xf6 Kg8
28.Rf6xc6 Ra8c8
29.Rc6xh6 Rc8e8
30.Rh6xh7 Kxh7
31.Nd2e4 Re8g8
32.Kf2 Rg8g4
33.Ne4f6 Kg6
34.Nf6xg4 Kf5
35.Ng4f6 c6
36.Kf3 b5
37.axb5 cxb5
38.Ra1xa5 b4
39.cxb4 Ke6
40.Ke4 Kf7
41.Kf5 Ke7
42.Ra5a7 Kf8
43.Be3h6 { resign }
1-0

[Event "Tourn. n8483"]
[Site "www.chess-mail.com"]
[Date "2015.12.05"]
[Round "1"]
[White "Goosebumps"]
[Black "Luban"]
[WhiteElo "2130"]
[BlackElo "2010"]
[Result "1/2-1/2"]
[Round "1"]
1.e4 c5
2.Ng1f3 d6
3.d4 cxd4
4.Nf3xd4 Ng8f6
5.Nb1c3 a6
6.a4 e6
7.Bc1g5 Bf8e7
8.Bf1e2 Bc8d7
9.Qd1d2 Nb8c6
10.O-O O-O
11.Ra1d1 Qd8c7
12.Nd4xc6 Bd7xc6
13.Bg5xf6 Be7xf6
14.Be2f3 Ra8c8
15.Qd2xd6 Bf6xc3
16.bxc3 Qc7xd6
17.Rd1xd6 Bc6xa4
18.e5 Rc8xc3
19.Bf3xb7 Rc3xc2
20.Bb7xa6 h6
21.h3 Ba4b3
22.Rf1d1 Rc2c5
23.Rd1d3 Bb3d5
24.Rd3e3 { draw }
1/2-1/2